000 00640nam a2200205 a 4500
001 3930178
005 20250208203941.0
008 920421s1991 nyu b 000 0 eng
020 _a0887375278
050 0 0 _aRC954
_b.T36 1991
082 0 0 _a610.73/65/07
_220
245 0 0 _aTeaching gerontology :
_bthe curriculum imperative /
_cVerle Waters, editor.
260 _aNew York :
_bNational League for Nursing Press,
_cc1991.
300 _a168 p. ;
_c23 cm.
500 _a"Pub. no. 15-24111."
650 0 _aGeriatric nursing
_xStudy and teaching.
700 1 _aWaters, Verle H.
710 2 _aNational League for Nursing.
942 _2lcc
_cBK
_n0
999 _c3712
_d3712